书目信息 |
| 题名: |
社会主义经济规律讲话
|
|
| 作者: | 黄振奇 著 | |
| 分册: | ||
| 出版信息: | 北京 中国青年出版社 1980 |
|
| 页数: | 114页 | |
| 开本: | 19cm | |
| 丛书名: | ||
| 单 册: | ||
| 中图分类: | F043 | |
| 科图分类: | ||
| 主题词: | 社会主义经济-经济规律 , 经济规律-社会主义经济 | |
| 电子资源: | ||
| ISBN: | ||
| 000 | 00673nam0 2200241 45 | |
| 001 | 0180007766 | |
| 005 | 20060418154457.59 | |
| 010 | @dCNY0.26 | |
| 091 | @aCN@b4009.70 | |
| 100 | @a19950517d1980 em y0chiy0121 ea | |
| 101 | 0 | @achi |
| 102 | @aCN@b110000 | |
| 105 | @ay z 000yy | |
| 200 | 10 | @a社会主义经济规律讲话@Ashe kuai zhu yi jing ji gui lv jiang hua@f黄振奇著@Fhuang zhen qi zhu |
| 210 | @a北京@c中国青年出版社@d1980 | |
| 215 | @a114页@d19cm | |
| 606 | @a社会主义经济-经济规律 | |
| 606 | @a经济规律-社会主义经济 | |
| 690 | @aF043@v3 | |
| 701 | 0 | @a黄振奇@Ahuang zhen qi@4著 |
| 801 | 2 | @aCN@bNLC@c20060418 |
| 801 | 0 | @aCN@bTSSF |
| 905 | @a10447@dF043@e19 | |
| 社会主义经济规律讲话/黄振奇著.-北京:中国青年出版社,1980 |
| 114页;19cm |
| ISBN :CNY0.26 |
| ● |
| 相关链接 |
|
|
|
|
正题名:社会主义经济规律讲话
索取号:F043/19
 
预约/预借
| 序号 | 登录号 | 条形码 | 馆藏地/架位号 | 状态 | 备注 |
| 1 | 0057555 | 202247559 | 密集书库/ [索取号:F043/19] | 在馆 | |
| 2 | 0057556 | 000192785 | 第一样本阅览室/ [索取号:F043/19] | 在馆 |